• 首页
  • 本馆介绍
  • 公告通知
  • 最新文献
  • 馆藏检索
  • 电子资源
  • 读者导购
  • 参考咨询
  • 我的图书馆
  • 登录
  • 详细信息显示
  • 放入我的书架
  • 预约/预借图书
  • 作者相关作品
  • 分类相关作品
  • 丛书相关作品
  • 出版社相关作品

书目信息

  • 表格格式
  • 工作单格式
  • 卡片格式
题名:
放射生物学
    
 
作者: 霍尔 , Hall 著 ;王顺宝 , 李冬华 , 沈瑜
分册:  
出版信息: 北京   原子能出版社  1987
页数: 351页
开本: 26cm
丛书名:
单 册:
中图分类: R811.5 , R81
科图分类:
主题词: 放射生物学 , 放射医学
电子资源:
ISBN:
000 01036nam0 2200349 45
001 0187009696
005 20040524083151.2
010    @dCNY5.75
091    @a15175.792
100    @a19901031d1987 em y0chiy0121 ea
101 1  @achi@ceng
102    @aCN@b110000
105    @af z 000yy
106    @ar
200 10 @a放射生物学@Afang she sheng wu xue@f(美)霍尔(Hall,E.J.)著@g王顺宝等译
210    @a北京@c原子能出版社@d1987
215    @a351页@c图@d26cm
300    @a供放射治疗、放射诊断和核医学用 书名原文: Radiobiology for the radiologist
300    @a书名原文: Radiobiology for the radiologist
510 1  @aRadiobiology for the radiologist@zeng
606    @a放射生物学
606 0  @a放射医学
690    @aR811.5@v3
690    @aR81
701  1 @a霍尔@Ahuo er@bE.J.@4著
701 A1 @aHall@bE.J.@4著
702  0 @a王顺宝@Awang shun bao
702  0 @a李冬华@Ali dong hua@4译
702  0 @a沈瑜@Ashen yu@4译
801  0 @aCN@b深圳图书馆@c20040524
801  2 @aCN@bNLC@c20040524
905    @f2@b203072-073@dR81@e4
    
    放射生物学/(美)霍尔(Hall,E.J.)著/王顺宝等译.-北京:原子能出版社,1987
    351页:图;26cm
    供放射治疗、放射诊断和核医学用 书名原文: Radiobiology for the radiologist.-书名原文: Radiobiology for the radiologist
    
    ISBN :CNY5.75
    
●
相关链接 在E读中查询图书 在五车中查询图书 在当当中查询图书 在豆瓣中查询图书


正题名:放射生物学     索取号:R81/4         预约/预借

序号 登录号 条形码 馆藏地/架位号 状态 备注
1 0203072   000716318   密集书库/ [索取号:R81/4] 在馆    
2 0203073   000716327   第三借阅区/ [索取号:R81/4] 在馆    
3 0203074   000716265   第二样本阅览室/ [索取号:R81/4] 在馆    
唐山师范学院图书馆 欢迎您!
大连网信软件有限公司© 版权所有